Estudio de factibilidad para la implantación de una planta procesadora de broza de café
Uloženo v:
| Hlavní autor: | |
|---|---|
| Médium: | Kniha |
| Vydáno: |
San José, Costa Rica
1990
|
| Témata: | |
| Tagy: |
Přidat tag
Žádné tagy, Buďte první, kdo vytvoří štítek k tomuto záznamu!
|
MARC
| LEADER | 00000nam a2200000Ia 4500 | ||
|---|---|---|---|
| 003 | 007335 | ||
| 005 | 20221231144305.0 | ||
| 008 | 140114s1990 cr a m 000 ||s d | ||
| 040 | |c cru CEDI | ||
| 090 | |a TFG 3066 | ||
| 100 | |a Mora Kopper, Guillermo |9 11443 | ||
| 245 | |a Estudio de factibilidad para la implantación de una planta procesadora de broza de café | ||
| 260 | |c 1990 |a San José, Costa Rica | ||
| 300 | |a xx, [173] hojas : ilustraciones ; 27 cm | ||
| 500 | |a Proyecto de graduacion (licenciatura en ingeniería industrial)--Universidad de Costa Rica. Facultad de Ingeniería. Escuela de Ingeniería Industrial | ||
| 650 | |x ABONO ORGANICO |x APROVECHAMIENTO DE RESIDUOS |9 11444 | ||
| 942 | |c TFG | ||
| 999 | |c 19666 |d 19666 | ||
